Schlechteste 3. Liga Aufsteiger - Statistiken

Allgemein
  • Dieses Quiz wurde 12 mal gespielt
  • Das Durchschnittsergebnis liegt bei 12 aus 20
Antwortstatistiken
Platz Saison Verein Punkte; (TD) % Korrekt
6. 2019/20 Eintracht Braunschweig 64; (+11)
82%
9. 2021/22 Eintracht Braunschweig 64; (+25)
82%
13. 2023/24 Preußen Münster 67; (+19)
82%
17. 2008/09 SC Paderborn 07 68; (+30)
82%
4. 2021/22 1. FC Kaiserslautern 63; (+29)
73%
11. 2010/11 Dynamo Dresden 65; (+18)
73%
20. 2022/23 SV Wehen Wiesbaden 70; (+20)
73%
10. 2009/10 FC Ingolstadt 04 64; (+26)
64%
19. 2008/09 Fortuna Düsseldorf 69; (+21)
64%
14. 2016/17 Holstein Kiel 67; (+34)
64%
15. 2009/10 FC Erzgebirge Aue 68; (+16)
55%
16. 2016/17 MSV Duisburg 68; (+20)
55%
1. 2011/12 SSV Jahn Regensburg 61; (+14)
55%
2. 2023/24 SSV Jahn Regensburg 63; (+9)
55%
3. 2016/17 SSV Jahn Regensburg 63; (+12)
55%
18. 2009/10 VfL Osnabrück 69; (+18)
55%
7. 2019/20 Würzburger Kickers 64; (+11)
45%
8. 2015/16 Würzburger Kickers 64; (+18)
45%
12. 2011/12 SV Sandhausen 66; (+15)
36%
5. 2011/12 VfR Aalen 64; (+8)
27%
Keine übereinstimmenden Quizze gefunden
Verteilung der Resultate
Anzahl Personen mit jedem Resultat
Perzentil nach korrekt beantworteten Fragen
Ihre Resultats-Entwicklung
Sie haben dieses Quiz noch nicht gespielt